[Event "IRI-ch U18 Girls"]
[Site "Chess.com INT"]
[Date "2021.01.16"]
[Round "5"]
[White "Arab Zeinali, Mahboubeh"]
[Black "Motamedi, Fatemeh"]
[Result "0-1"]
[WhiteElo "1274"]
[BlackElo "1759"]
[PlyCount "104"]
[EventDate "2021.01.16"]
[EventType "swiss"]
[EventRounds "9"]
[EventCountry "IRI"]
[SourceTitle "CBM 200 Extra"]
[Source "ChessBase"]
[SourceDate "2021.03.31"]
[SourceVersion "1"]
[SourceVersionDate "2021.03.31"]
[SourceQuality "1"]

1. e4 d5 2. exd5 Qxd5 3. Nc3 Qa5 4. Bc4 c6 5. d4 Nf6 6. Nf3 Bg4 7. 0-0 e6 8. Be3 Bd6 9. Be2 0-0 10. Nd2 Bxe2 11. Qxe2 Nbd7 12. Nde4 Bb8 13. f4 a6 14. Rf3 Qb4 15. b3 Nd5 16. Nxd5 exd5 17. c3 Qe7 18. Ng3 Re8 19. Nf5 Qe4 20. g4 Nf6 21. h3 Bxf4 22. Re1 Bc7 23. Qg2 Qe6 24. Ref1 Rf8 25. Bc1 Ne4 26. h4 Rac8 27. Ba3 Rfe8 28. h5 Qd7 29. g5 Re6 30. Nh4 Ng3 31. Rxg3 Bxg3 32. Qxg3 Qc7 33. Qg4 Rce8 34. g6 fxg6 35. hxg6 h6 36. Nf3 Re4 37. Qg2 Re2 38. Rf2 R2e3 39. Bb4 b6 40. c4 dxc4 41. bxc4 c5 42. dxc5 bxc5 43. Bd2 R3e4 44. Nh4 Rxh4 45. Qd5+ Kh8 46. Rf7 Qg3+ 47. Kf1 Qh3+ 48. Kf2 Qh2+ 49. Kf1 Qh1+ 50. Kf2 Rh2+ 51. Kg3 Qg1+ 52. Kf4 Rf2+ 0-1

[Event "IRI-ch U18 Girls"]
[Site "Chess.com INT"]
[Date "2021.01.16"]
[Round "6"]
[White "Montazeri, Maryam"]
[Black "Motamedi, Fatemeh"]
[Result "0-1"]
[WhiteElo "1425"]
[BlackElo "1759"]
[PlyCount "166"]
[EventDate "2021.01.16"]
[EventType "swiss"]
[EventRounds "9"]
[EventCountry "IRI"]
[SourceTitle "CBM 200 Extra"]
[Source "ChessBase"]
[SourceDate "2021.03.31"]
[SourceVersion "1"]
[SourceVersionDate "2021.03.31"]
[SourceQuality "1"]

1. d4 d5 2. c4 e6 3. Nc3 Nf6 4. Nf3 Nbd7 5. Bg5 Be7 6. e3 0-0 7. cxd5 exd5 8. Bd3 c6 9. 0-0 Re8 10. Ne5 Bd6 11. f4 Be7 12. Rc1 Nf8 13. Bc2 N6d7 14. Bxe7 Qxe7 15. Qd3 f6 16. Nf3 Nb6 17. Rce1 Nc4 18. Nd1 Nd6 19. Nd2 Bg4 20. Nf2 Bh5 21. Qb3 Bf7 22. Qa3 Qd7 23. h3 a5 24. Bb1 Nb5 25. Qb3 a4 26. Qd1 Re7 27. Bd3 Nd6 28. Qf3 Rae8 29. Re2 Ne4 30. Rd1 f5 31. Bxe4 dxe4 32. Qg3 Bxa2 33. Ra1 Qe6 34. Nd1 Bc4 35. Nxc4 Qxc4 36. Nc3 b5 37. Qf2 Ra7 38. Rc2 Qe6 39. Qd2 Nd7 40. d5 Qd6 41. dxc6 Qxc6 42. Rcc1 Qb7 43. Nd5 Qa8 44. Nc7 Rxc7 45. Rxc7 Nf6 46. Rac1 Nd5 47. Rd7 Nb6 48. Rdc7 Nd5 49. Rd7 Nf6 50. Rdc7 Rd8 51. Qb4 Nd5 52. Qxb5 Nxc7 53. Rxc7 Kh8 54. Qxf5 Qb8 55. Qf7 Rg8 56. Rb7 Qd8 57. Rd7 Qa5 58. Kf2 Qb4 59. Rb7 Qd2+ 60. Kg3 Qxe3+ 61. Kh2 Qd4 62. Qc7 e3 63. Rb8 e2 64. Rxg8+ Kxg8 65. Qc8+ Kf7 66. Qf5+ Qf6 67. Qh5+ g6 68. Qxe2 Qxf4+ 69. Kg1 Kg7 70. Qe7+ Kh6 71. Qa3 Kh5 72. Qc5+ g5 73. Qc2 Qd4+ 74. Kh1 Qd7 75. Qxa4 Qxa4 76. Kh2 Qc2 77. Kg1 Kh4 78. Kh2 Qc7+ 79. Kg1 Kg3 80. Kf1 Qc2 81. Ke1 Kxg2 82. h4 Kf3 83. hxg5 Qe2# 0-1

[Event "IRI-ch U18 Girls"]
[Site "Chess.com INT"]
[Date "2021.01.16"]
[Round "9"]
[White "Motamedi, Fatemeh"]
[Black "Delshad, Shaghayegh"]
[Result "1/2-1/2"]
[WhiteElo "1759"]
[BlackElo "1334"]
[PlyCount "257"]
[EventDate "2021.01.16"]
[EventType "swiss"]
[EventRounds "9"]
[EventCountry "IRI"]
[SourceTitle "CBM 200 Extra"]
[Source "ChessBase"]
[SourceDate "2021.03.31"]
[SourceVersion "1"]
[SourceVersionDate "2021.03.31"]
[SourceQuality "1"]

1. d4 d5 2. c4 e6 3. Nf3 Nf6 4. Bg5 Be7 5. e3 0-0 6. Bd3 b6 7. cxd5 exd5 8. Nc3 Bb7 9. 0-0 Ne4 10. Bxe7 Qxe7 11. Qc2 f5 12. Ne5 Nd7 13. Nxd7 Qxd7 14. Bb5 c6 15. Ba4 Qe6 16. Bb3 Rac8 17. Rac1 Kh8 18. Qe2 Qd6 19. f3 Nf6 20. Rfe1 Rce8 21. Bc2 f4 22. e4 dxe4 23. fxe4 Qxd4+ 24. Kh1 Qe5 25. Qf3 c5 26. Re2 g5 27. Rce1 g4 28. Qd3 Qd4 29. Qxd4 cxd4 30. Nb5 f3 31. gxf3 gxf3 32. Rf2 Nxe4 33. Bxe4 Rxe4 34. Rxe4 Bxe4 35. Nxd4 Bd5 36. a3 Kg7 37. h3 Rf4 38. Nc2 h5 39. Kg1 Kg6 40. Ne1 Kg5 41. Nd3 Rd4 42. Nb4 Bb7 43. Rc2 Rh4 44. Kh2 Rf4 45. Rf2 Re4 46. Kg1 Re1+ 47. Kh2 Kh4 48. Nc2 Re2 49. Kg1 Kxh3 50. Rxe2 fxe2 51. Kf2 Ba6 52. Ne3 Bd3 53. b3 h4 54. b4 b5 55. Ng2 Kg4 56. Ne3+ Kg5 57. Ng2 Bc4 58. Ne1 h3 59. Kg3 Be6 60. Nf3+ Kf6 61. Kf2 Bc4 62. Kg3 Be6 63. Ne1 Ke5 64. Kf2 Bg4 65. Kg3 Kf5 66. Nc2 a6 67. Ne1 Kg5 68. Nc2 Bf5 69. Ne1 Kf6 70. Kf2 h2 71. Kg2 Ke5 72. Kxh2 Kd4 73. Kg2 Kc3 74. Kf2 Bd3 75. Ke3 Bc4 76. Nf3 Kb2 77. Kd2 Kxa3 78. Kc3 Ka4 79. Ne1 a5 80. bxa5 Kxa5 81. Nc2 Ka4 82. Ne1 b4+ 83. Kxc4 b3 84. Kc3 Ka3 85. Nd3 b2 86. Kc2 Ka2 87. Kd2 b1Q 88. Kxe2 Qc2+ 89. Ke3 Kb3 90. Ne1 Qc1+ 91. Ke2 Kc3 92. Ng2 Qd2+ 93. Kf3 Kd4 94. Nf4 Qe3+ 95. Kg4 Ke4 96. Ng6 Qf3+ 97. Kg5 Qf5+ 98. Kh6 Qf6 99. Kh5 Kf5 100. Nh4+ Ke5 101. Ng6+ Ke6 102. Nh4 Qe5+ 103. Kg4 Kf6 104. Nf3 Qf5+ 105. Kg3 Qd3 106. Kf4 Qf5+ 107. Ke3 Qh3 108. Kf4 Qf1 109. Ke4 Qe2+ 110. Kf4 Qf2 111. Ke4 Qg3 112. Nd4 Qe5+ 113. Kd3 Qd5 114. Ke3 Ke5 115. Nf3+ Kd6 116. Kf4 Qc4+ 117. Kg3 Kd5 118. Kf2 Qc3 119. Ke2 Ke4 120. Nd2+ Kf4 121. Nf1 Qf3+ 122. Ke1 Qc3+ 123. Ke2 Qc2+ 124. Nd2 Qb2 125. Kd3 Qb5+ 126. Kc3 Ke3 127. Nc4+ Ke4 128. Nd6+ Kd5 129. Nxb5 1/2-1/2